[Event "Madrid-chT 1920"]
[Site "Madrid"]
[Date "2020.01.18"]
[Round "5.4"]
[White "Guillo Longares, Cecilia"]
[Black "Ruperez Benito, Antonio"]
[Result "0-1"]
[WhiteElo "2122"]
[BlackElo "2339"]
[PlyCount "154"]
[EventDate "2019.11.24"]
[EventType "team-tourn"]
[EventRounds "14"]
[EventCountry "ESP"]
[SourceVersionDate "2019.11.24"]
[WhiteTeam "San Sebastian de los Reyes"]
[BlackTeam "Villalba 64"]
[WhiteTeamCountry "ESP"]
[BlackTeamCountry "ESP"]

1. d4 e6 2. c4 d5 3. Nc3 Nf6 4. cxd5 exd5 5. Bg5 Be7 6. e3 c6 7. Bd3 O-O 8. Qc2
Nbd7 9. Nf3 Re8 10. O-O Nf8 11. Rab1 a5 12. a3 g6 13. b4 Ne6 14. Bh4 Ng7 15.
Bxf6 Bxf6 16. b5 Bg4 17. Nd2 Be7 18. Qa4 Bd6 19. Rfc1 Bd7 20. bxc6 bxc6 21. Rb7
Bc8 22. Rbb1 Bd7 23. Rb7 Re7 24. Qb3 Bc8 25. Rb6 a4 26. Nxa4 Rxa4 27. Rcxc6 Bc7
28. Rb5 Ra5 29. Rcc5 Be6 30. Nf3 Ra8 31. a4 Bd6 32. Rc6 Rea7 33. Rbb6 Bc7 34.
Rb7 Rxb7 35. Qxb7 Ne8 36. Bb5 Nd6 37. Qxc7 Qxc7 38. Rxc7 Nxb5 39. Rc2 Rxa4 40.
h3 h6 41. Ne5 Nd6 42. Rc6 Ne4 43. Nxg6 fxg6 44. Rxe6 Kf7 45. Rb6 Ra1+ 46. Kh2
Nxf2 47. Rb5 Rh1+ 48. Kg3 Ne4+ 49. Kh4 Re1 50. Rb7+ Ke6 51. Rg7 Kf6 52. Rd7
Rxe3 53. Rxd5 Ng5 54. Rd6+ Re6 55. Rd5 Nf7 56. Kg3 Rd6 57. Ra5 Rxd4 58. Ra2 Nd6
59. Rf2+ Kg5 60. Re2 h5 61. Kh2 Nf5 62. Kg1 h4 63. Ra2 Ng3 64. Kf2 Kf4 65. Rb2
Ne4+ 66. Kg1 Rd2 67. Rb6 Ng3 68. Rb4+ Kg5 69. Rb5+ Nf5 70. Rb3 Nd4 71. Ra3 Ne2+
72. Kf2 Rb2 73. Ra5+ Kh6 74. Kf3 Nd4+ 75. Ke4 Ne6 76. Kf3 Ng5+ 77. Kf4 Rxg2 0-1

[Event "Madrid-chT 1920"]
[Site "Madrid"]
[Date "2020.01.26"]
[Round "6.1"]
[White "Reyes Larena, Juan"]
[Black "Sanchez Saez, Francisco"]
[Result "1-0"]
[WhiteElo "2449"]
[BlackElo "2339"]
[PlyCount "81"]
[EventDate "2019.11.24"]
[EventType "team-tourn"]
[EventRounds "14"]
[EventCountry "ESP"]
[SourceVersionDate "2019.11.24"]
[WhiteTeam "San Sebastian de los Reyes"]
[BlackTeam "Blanco y Negro"]
[WhiteTeamCountry "ESP"]
[BlackTeamCountry "ESP"]

1. e4 g6 2. d4 Bg7 3. c3 d6 4. Nf3 Nf6 5. Nbd2 O-O 6. Be2 Nc6 7. O-O e5 8. dxe5
dxe5 9. b4 a6 10. Qc2 Nh5 11. g3 Bg4 12. Nc4 Qf6 13. Ne3 Be6 14. Rb1 Rfe8 15.
a4 h6 16. Rd1 Rad8 17. Rxd8 Rxd8 18. b5 axb5 19. axb5 Na5 20. c4 Qe7 21. Bd2 b6
22. Bc3 Nb7 23. Nxe5 Bxe5 24. Bxe5 Nf6 25. Bb2 Nc5 26. f3 Kh7 27. Rd1 Nh5 28.
Rxd8 Qxd8 29. f4 Nf6 30. Bf3 Kg7 31. Nd5 Bxd5 32. cxd5 Qa8 33. g4 g5 34. h4 Qa4
35. Qc3 Ncxe4 36. Bxe4 Qd1+ 37. Kh2 Kf8 38. Qxf6 Qd2+ 39. Bg2 Qxf4+ 40. Qxf4
gxf4 41. Be5 1-0

[Event "Madrid-chT 1920"]
[Site "Madrid"]
[Date "2020.01.26"]
[Round "6.2"]
[White "Ballester Llagaria, Luis Eduardo"]
[Black "Reyes Penas, Sebastian"]
[Result "0-1"]
[WhiteElo "2316"]
[BlackElo "2215"]
[PlyCount "98"]
[EventDate "2019.11.24"]
[EventType "team-tourn"]
[EventRounds "14"]
[EventCountry "ESP"]
[SourceVersionDate "2019.11.24"]
[WhiteTeam "Blanco y Negro"]
[BlackTeam "San Sebastian de los Reyes"]
[WhiteTeamCountry "ESP"]
[BlackTeamCountry "ESP"]

1. e4 c5 2. Nf3 e6 3. d4 cxd4 4. Nxd4 a6 5. Nc3 Qc7 6. Bd3 Nf6 7. Qe2 d6 8. f4
Nbd7 9. g4 h6 10. Bd2 Nc5 11. h4 h5 12. g5 Ng4 13. f5 g6 14. f6 Bd7 15. b4
Nxd3+ 16. cxd3 Rc8 17. Rc1 a5 18. bxa5 Qxa5 19. Nb3 Qb6 20. d4 d5 21. exd5 Ba3
22. Rb1 O-O 23. Nc5 Qd6 24. N5e4 Qb8 25. O-O Rfe8 26. Rb3 Qa7 27. Qd3 Bf8 28.
d6 e5 29. Nb5 Bxb5 30. Rxb5 Rcd8 31. Ba5 Rd7 32. a3 Qxd4+ 33. Qxd4 exd4 34. Nc5
Rxd6 35. Nxb7 Rde6 36. Rd5 Ne3 37. Rxd4 Nxf1 38. Kxf1 Bxa3 39. Rd7 Bf8 40. Bc7
Rc6 41. Bg3 Rc1+ 42. Kf2 Rc2+ 43. Kf3 Ra8 44. Be5 Ra3+ 45. Ke4 Re2+ 46. Kf4 Rh2
47. Bb8 Rxh4+ 48. Ke5 Re3+ 49. Kd5 Rd3+ 0-1

[Event "Madrid-chT 1920"]
[Site "Madrid"]
[Date "2020.01.26"]
[Round "6.3"]
[White "Martinez Fernandez, Raul"]
[Black "Renteria Becerra, Jorge Elicer"]
[Result "0-1"]
[WhiteElo "2192"]
[BlackElo "2290"]
[PlyCount "44"]
[EventDate "2019.11.24"]
[EventType "team-tourn"]
[EventRounds "14"]
[EventCountry "ESP"]
[SourceVersionDate "2019.11.24"]
[WhiteTeam "San Sebastian de los Reyes"]
[BlackTeam "Blanco y Negro"]
[WhiteTeamCountry "ESP"]
[BlackTeamCountry "ESP"]

1. e4 c5 2. Nf3 d6 3. Bb5+ Nc6 4. O-O Bg4 5. h3 Bh5 6. c4 Nf6 7. e5 Bxf3 8.
Qxf3 dxe5 9. Bxc6+ bxc6 10. Qxc6+ Nd7 11. Nc3 Rc8 12. Qa4 Qb6 13. d3 e6 14. f4
Qc6 15. Qd1 Be7 16. f5 O-O 17. fxe6 Qxe6 18. Be3 f5 19. Qe2 Bd6 20. b3 e4 21.
dxe4 Qe5 22. Rfc1 fxe4 0-1

[Event "Madrid-chT 1920"]
[Site "Madrid"]
[Date "2020.01.26"]
[Round "6.4"]
[White "Alarcia Astiz, Carlos"]
[Black "Quevedo Marin, Manuel"]
[Result "1-0"]
[WhiteElo "2279"]
[BlackElo "2208"]
[PlyCount "63"]
[EventDate "2019.11.24"]
[EventType "team-tourn"]
[EventRounds "14"]
[EventCountry "ESP"]
[SourceVersionDate "2019.11.24"]
[WhiteTeam "Blanco y Negro"]
[BlackTeam "San Sebastian de los Reyes"]
[WhiteTeamCountry "ESP"]
[BlackTeamCountry "ESP"]

1. e4 c5 2. Nf3 Nc6 3. d4 cxd4 4. Nxd4 Nf6 5. Nc3 d6 6. f4 e5 7. Nf3 Be7 8. Bd3
Qb6 9. Rb1 O-O 10. Qe2 Re8 11. Be3 Qa5 12. Bd2 exf4 13. O-O Bg4 14. Kh1 Qh5 15.
Bxf4 d5 16. exd5 Bb4 17. Qf2 Nxd5 18. Nxd5 Qxd5 19. a3 Bc5 20. Qg3 Bxf3 21.
Rxf3 Ne5 22. Bxe5 Qxe5 23. Bc4 Qxg3 24. Bxf7+ Kh8 25. Rxg3 Re2 26. b4 Bf2 27.
Rf3 Rxc2 28. Bb3 Re2 29. Rf1 Rae8 30. h3 a5 31. R1xf2 Re1+ 32. Kh2 1-0

[Event "Madrid-chT 1920"]
[Site "Madrid"]
[Date "2020.01.26"]
[Round "6.6"]
[White "Hernandez Ramos, David"]
[Black "Marquez Leon, Juan Antonio"]
[Result "1/2-1/2"]
[WhiteElo "2051"]
[BlackElo "1810"]
[PlyCount "103"]
[EventDate "2019.11.24"]
[EventType "team-tourn"]
[EventRounds "14"]
[EventCountry "ESP"]
[SourceVersionDate "2019.11.24"]
[WhiteTeam "Blanco y Negro"]
[BlackTeam "San Sebastian de los Reyes"]
[WhiteTeamCountry "ESP"]
[BlackTeamCountry "ESP"]

1. d4 e6 2. Nf3 Nf6 3. Bf4 d5 4. c3 c5 5. Nbd2 Nc6 6. e3 Bd6 7. Bg3 O-O 8. Bd3
b6 9. O-O Qc7 10. Re1 Bb7 11. Rc1 e5 12. dxe5 Nxe5 13. Nxe5 Bxe5 14. Bxe5 Qxe5
15. Qf3 Rad8 16. Qf5 Qd6 17. Rcd1 Rfe8 18. Nf3 Bc8 19. Qg5 Bg4 20. h3 h6 21.
Qh4 Bc8 22. Bc2 Qc7 23. Qf4 Qe7 24. Ba4 Bd7 25. Bxd7 Rxd7 26. Nh4 g5 27. Qg3
Ne4 28. Nf5 Nxg3 29. Nxe7+ Rdxe7 30. fxg3 Re5 31. Kf2 Kg7 32. g4 Kf6 33. Rd3 b5
34. a3 Ke6 35. Rd2 Rf8 36. g3 Rd8 37. Ree2 Re4 38. Kf3 Ke5 39. Rd1 Rd6 40. Rd3
b4 41. axb4 cxb4 42. cxb4 Rxb4 43. Ra3 a6 44. Rd2 Rf6+ 45. Ke2 Ke4 46. Rad3 Rb5
47. Rc3 Rfb6 48. Rc7 Rb7 49. Rc8 Rb8 50. Rc7 R5b7 51. Rcc2 Rb5 52. Rc7 1/2-1/2

[Event "Madrid-chT 1920"]
[Site "Madrid"]
[Date "2020.01.26"]
[Round "6.1"]
[White "Vazquez Igarza, Renier"]
[Black "Moreno Trujillo, Alejandro"]
[Result "1/2-1/2"]
[WhiteElo "2552"]
[BlackElo "2505"]
[PlyCount "58"]
[EventDate "2019.11.24"]
[EventType "team-tourn"]
[EventRounds "14"]
[EventCountry "ESP"]
[SourceVersionDate "2019.11.24"]
[WhiteTeam "Collado Villalba"]
[BlackTeam "Villalba 64"]
[WhiteTeamCountry "ESP"]
[BlackTeamCountry "ESP"]

1. Nf3 c5 2. e4 Nc6 3. d4 cxd4 4. Nxd4 Nf6 5. Nc3 d6 6. Bg5 e6 7. Qd2 a6 8.
O-O-O Bd7 9. f4 b5 10. Bxf6 gxf6 11. Nxc6 Bxc6 12. Qe1 Be7 13. Bd3 Qb6 14. Kb1
Qc5 15. Rf1 Bb7 16. Ne2 O-O-O 17. Nc1 Qb6 18. Nb3 d5 19. Qe2 Kb8 20. e5 h5 21.
c3 f5 22. a3 h4 23. Nd4 Bc5 24. Qe3 Qc7 25. Rf2 Ka8 26. Bf1 Rc8 27. Rc2 Ba7 28.
Qe1 Rhg8 29. Qf2 Qe7 1/2-1/2

[Event "Madrid-chT 1920"]
[Site "Madrid"]
[Date "2020.01.26"]
[Round "6.2"]
[White "Gascon del Nogal, Jose Rafael"]
[Black "Pulvett Marin, Daniel Eduardo"]
[Result "1/2-1/2"]
[WhiteElo "2466"]
[BlackElo "2486"]
[PlyCount "56"]
[EventDate "2019.11.24"]
[EventType "team-tourn"]
[EventRounds "14"]
[EventCountry "ESP"]
[SourceVersionDate "2019.11.24"]
[WhiteTeam "Villalba 64"]
[BlackTeam "Collado Villalba"]
[WhiteTeamCountry "ESP"]
[BlackTeamCountry "ESP"]

1. e4 c6 2. d4 d5 3. e5 Bf5 4. h4 h5 5. Bd3 Bxd3 6. Qxd3 Qa5+ 7. Nd2 e6 8. Ngf3
Ne7 9. O-O Nf5 10. c4 Qa6 11. b3 Be7 12. g3 Nd7 13. Qc2 O-O 14. Bb2 Rac8 15. a4
Rfd8 16. Rfc1 g6 17. a5 c5 18. Qd1 dxc4 19. Rxc4 cxd4 20. Rxc8 Rxc8 21. Nxd4
Nxd4 22. Bxd4 Nc5 23. Qf1 Nd3 24. Nc4 Rd8 25. Qxd3 Bc5 26. Qf3 Rxd4 27. Kg2 Rd5
28. Rc1 Qb5 1/2-1/2

[Event "Madrid-chT 1920"]
[Site "Madrid"]
[Date "2020.01.26"]
[Round "6.3"]
[White "Moreno Ruiz, Javier"]
[Black "Valles Moreno, Ivan"]
[Result "0-1"]
[WhiteElo "2440"]
[BlackElo "2406"]
[PlyCount "86"]
[EventDate "2019.11.24"]
[EventType "team-tourn"]
[EventRounds "14"]
[EventCountry "ESP"]
[SourceVersionDate "2019.11.24"]
[WhiteTeam "Collado Villalba"]
[BlackTeam "Villalba 64"]
[WhiteTeamCountry "ESP"]
[BlackTeamCountry "ESP"]

1. d4 f5 2. Nc3 Nf6 3. Bf4 d6 4. e3 e6 5. Bc4 Be7 6. h3 O-O 7. Nf3 a6 8. a3 Kh8
9. Qe2 b5 10. Ba2 Nc6 11. d5 b4 12. axb4 Nxb4 13. dxe6 Nxa2 14. Rxa2 Bxe6 15.
Rxa6 Rxa6 16. Qxa6 Qb8 17. Nd4 Bd7 18. Qa1 Qb7 19. O-O Nh5 20. b3 Nxf4 21. exf4
Bf6 22. Qd1 Qb4 23. Nce2 Ra8 24. Qd3 g6 25. Rd1 Re8 26. Nc3 Qc5 27. Nce2 Kg7
28. c3 Qb6 29. Ng3 h5 30. Nf1 Re4 31. Ne3 Qb7 32. b4 Rxf4 33. f3 Rh4 34. Ne2
Bb5 35. c4 Ba4 36. Rb1 Bc6 37. Rb3 Qa7 38. Ra3 Qb6 39. b5 Bb7 40. Kh2 f4 41.
Nd5 Bxd5 42. Qxd5 Qf2 43. Qe4 Rxh3+ 0-1

[Event "Madrid-chT 1920"]
[Site "Madrid"]
[Date "2020.01.26"]
[Round "6.4"]
[White "Khamrakulov, Ibragim S"]
[Black "Quispe Arteaga, Gabriel"]
[Result "0-1"]
[WhiteElo "2417"]
[BlackElo "2412"]
[PlyCount "90"]
[EventDate "2019.11.24"]
[EventType "team-tourn"]
[EventRounds "14"]
[EventCountry "ESP"]
[SourceVersionDate "2019.11.24"]
[WhiteTeam "Villalba 64"]
[BlackTeam "Collado Villalba"]
[WhiteTeamCountry "ESP"]
[BlackTeamCountry "ESP"]

1. e4 c5 2. c3 d5 3. exd5 Qxd5 4. d4 Nf6 5. Na3 cxd4 6. Nb5 Na6 7. Qxd4 Qxd4 8.
Nxd4 e5 9. Nb5 Bc5 10. Be3 Bxe3 11. fxe3 Ke7 12. h3 Ne4 13. Bc4 Bd7 14. Ne2
Bxb5 15. Bxb5 Nac5 16. b4 a6 17. Bc4 b5 18. Bxb5 axb5 19. bxc5 Rhd8 20. O-O Rd2
21. Nc1 Nxc3 22. Rf2 Rxf2 23. Kxf2 Ne4+ 24. Kf3 Nxc5 25. Rb1 Rb8 26. Ne2 b4 27.
Ng3 g6 28. Ne4 Ne6 29. Nc3 Nc7 30. Ke2 Na6 31. Nd5+ Ke6 32. e4 f5 33. Ne3 Rc8
34. a3 f4 35. Nd5 Rc4 36. Nxb4 Rxe4+ 37. Kd2 Rd4+ 38. Ke2 Nc5 39. Nc2 Rd6 40.
Rb5 Ne4 41. Kf3 Nc3 42. Rc5 Rd3+ 43. Kg4 Rg3+ 44. Kh4 Ne4 45. Rb5 Nf6 0-1

[Event "Madrid-chT 1920"]
[Site "Madrid"]
[Date "2020.01.26"]
[Round "6.5"]
[White "Suarez Uriel, Adrian"]
[Black "Ruperez Benito, Antonio"]
[Result "1/2-1/2"]
[WhiteElo "2362"]
[BlackElo "2339"]
[PlyCount "131"]
[EventDate "2019.11.24"]
[EventType "team-tourn"]
[EventRounds "14"]
[EventCountry "ESP"]
[SourceVersionDate "2019.11.24"]
[WhiteTeam "Collado Villalba"]
[BlackTeam "Villalba 64"]
[WhiteTeamCountry "ESP"]
[BlackTeamCountry "ESP"]

1. e4 e6 2. d4 d5 3. Nc3 Bb4 4. e5 c5 5. a3 Bxc3+ 6. bxc3 Qa5 7. Bd2 Qa4 8. Qg4
Kf8 9. Qd1 Nc6 10. Qb1 a6 11. Nf3 Nge7 12. Qb3 Qxb3 13. cxb3 Na5 14. Rb1 c4 15.
bxc4 dxc4 16. Ng5 Bd7 17. Ne4 Bc6 18. f3 Bd5 19. Nc5 Nc8 20. Be2 b6 21. Ne4 Nb3
22. Be3 b5 23. O-O Nb6 24. Rb2 Ke7 25. Bg5+ Kd7 26. Bd1 Na4 27. Rc2 a5 28. Bh4
Ra7 29. Nd6 Kc6 30. f4 f5 31. g4 g6 32. h3 Rb8 33. Kh2 Nb6 34. gxf5 gxf5 35.
Bh5 Raa8 36. Rg1 b4 37. axb4 axb4 38. cxb4 Nxd4 39. Rd2 c3 40. Rc1 Nb5 41. Nxb5
Kxb5 42. Rxc3 Ra1 43. Be7 Rg8 44. Bf3 Bxf3 45. Rxf3 Nd5 46. Bd6 Re1 47. Rg2
Rxg2+ 48. Kxg2 Re4 49. Kg3 Rc4 50. Bf8 Kb6 51. Rf1 Rc3+ 52. Kh4 Kb5 53. Bh6
Kxb4 54. Rb1+ Kc4 55. Rb7 Ne3 56. Rc7+ Kd3 57. Rxc3+ Kxc3 58. Kh5 Kd3 59. Bg5
Ke4 60. Kh6 Ng2 61. Kxh7 Nxf4 62. h4 Kxe5 63. Bxf4+ Kxf4 64. h5 Kg4 65. h6 f4
66. Kg8 1/2-1/2

[Event "Madrid-chT 1920"]
[Site "Madrid"]
[Date "2020.01.26"]
[Round "6.6"]
[White "Guerrero Vargas, Andres Jesus"]
[Black "Lianes Garcia, Marcos"]
[Result "1/2-1/2"]
[WhiteElo "2347"]
[BlackElo "2354"]
[PlyCount "112"]
[EventDate "2019.11.24"]
[EventType "team-tourn"]
[EventRounds "14"]
[EventCountry "ESP"]
[SourceVersionDate "2019.11.24"]
[WhiteTeam "Villalba 64"]
[BlackTeam "Collado Villalba"]
[WhiteTeamCountry "ESP"]
[BlackTeamCountry "ESP"]

1. e4 e5 2. Nf3 Nc6 3. Bb5 a6 4. Ba4 Nge7 5. O-O Ng6 6. d4 exd4 7. Nxd4 Bc5 8.
Nf5 O-O 9. Be3 Bxe3 10. Nxe3 Qg5 11. Nc3 b5 12. Bb3 Nce7 13. a4 Rb8 14. axb5
axb5 15. Ncd5 Nxd5 16. Nxd5 Nf4 17. Qf3 Nxd5 18. Bxd5 Qe5 19. Qg3 Qxg3 20. fxg3
Bb7 21. Ra7 c6 22. Bb3 g6 23. Rd1 Bc8 24. Rf1 Kg7 25. e5 Rb7 26. Ra8 Rc7 27.
Rf6 c5 28. Bd5 c4 29. Ra1 Rc5 30. Rd1 Re8 31. Rxf7+ Kh6 32. h4 Rxe5 33. Bb7
Bxb7 34. Rdxd7 Kh5 35. Rxb7 h6 36. Rb6 Re4 37. Kh2 Rd5 38. Kh3 Rd1 39. g4+ Rxg4
40. Rxb5+ g5 41. g3 Rh1+ 42. Kg2 Rc1 43. Rf2 Re4 44. Kf3 Rce1 45. hxg5 hxg5 46.
Rh2+ Kg6 47. Rb6+ Kf5 48. g4+ Ke5 49. Rb5+ Kf6 50. Rf5+ Kg6 51. Rd2 Rxg4 52.
Kxg4 Rg1+ 53. Kf3 Kxf5 54. Rd5+ Ke6 55. Rd4 Rb1 56. Rxc4 Rxb2 1/2-1/2

[Event "Madrid-chT 1920"]
[Site "Madrid"]
[Date "2020.01.26"]
[Round "6.1"]
[White "Gago Padreny, Ignacio"]
[Black "Elissalt Cardenas, Hector"]
[Result "1/2-1/2"]
[WhiteElo "2292"]
[BlackElo "2270"]
[PlyCount "75"]
[EventDate "2019.11.24"]
[EventType "team-tourn"]
[EventRounds "14"]
[EventCountry "ESP"]
[SourceVersionDate "2019.11.24"]
[WhiteTeam "Getafe"]
[BlackTeam "Tajamar"]
[WhiteTeamCountry "ESP"]
[BlackTeamCountry "ESP"]

1. d4 Nf6 2. c4 e6 3. Nc3 Bb4 4. Qc2 O-O 5. a3 Bxc3+ 6. Qxc3 b6 7. Bg5 Bb7 8.
e3 d6 9. f3 Nbd7 10. Nh3 e5 11. dxe5 Nxe5 12. Be2 h6 13. Bh4 Re8 14. Bg3 Ng6
15. O-O-O Qe7 16. Bf2 d5 17. Rhe1 c5 18. Bf1 Rad8 19. Qc2 dxc4 20. Bxc4 Ne5 21.
Bb5 Rf8 22. Bf1 c4 23. Kb1 Ba6 24. Qa4 Qb7 25. e4 Nd3 26. Bxd3 cxd3 27. Rd2 Nd7
28. Nf4 Ne5 29. Nd5 Nc4 30. Rdd1 d2 31. Rg1 f5 32. b3 Bb5 33. Qb4 Nd6 34. Rxd2
fxe4 35. fxe4 a5 36. Qd4 Bc6 37. Rgd1 Rde8 38. Re1 1/2-1/2

[Event "Madrid-chT 1920"]
[Site "Madrid"]
[Date "2020.01.26"]
[Round "6.2"]
[White "Rodriguez Lopez, David"]
[Black "Khudov, Oleksandr"]
[Result "1-0"]
[WhiteElo "2160"]
[BlackElo "2234"]
[PlyCount "83"]
[EventDate "2019.11.24"]
[EventType "team-tourn"]
[EventRounds "14"]
[EventCountry "ESP"]
[SourceVersionDate "2019.11.24"]
[WhiteTeam "Tajamar"]
[BlackTeam "Getafe"]
[WhiteTeamCountry "ESP"]
[BlackTeamCountry "ESP"]

1. e4 e6 2. d4 d5 3. Bd3 dxe4 4. Bxe4 Nf6 5. Bf3 c5 6. Ne2 Nc6 7. Be3 cxd4 8.
Nxd4 Ne5 9. O-O a6 10. Qe2 Be7 11. Nc3 O-O 12. Rad1 Qc7 13. Rfe1 Bd7 14. h3
Nxf3+ 15. Qxf3 Rfd8 16. Bf4 Qb6 17. Nb3 Bc6 18. Qe3 Qxe3 19. Bxe3 Nd5 20. Nxd5
Bxd5 21. Bb6 Re8 22. Nd4 Bxa2 23. b3 Bb4 24. Re4 Bc3 25. Ne2 Rac8 26. Ra4 Bxb3
27. cxb3 Rc6 28. Rc4 Rxb6 29. Rxc3 g6 30. Rd7 Rf8 31. Nd4 Rb4 32. Rcc7 e5 33.
Nf3 Rxb3 34. Nxe5 Rb1+ 35. Kh2 Rb6 36. Nxf7 g5 37. Nxg5 Ra8 38. Rg7+ Kh8 39.
Rxh7+ Kg8 40. Rcg7+ Kf8 41. Rxb7 Rxb7 42. Rh8+ 1-0

[Event "Madrid-chT 1920"]
[Site "Madrid"]
[Date "2020.01.26"]
[Round "6.3"]
[White "Walter, Florian"]
[Black "Mkrtchyan, Levon"]
[Result "1-0"]
[WhiteElo "2207"]
[BlackElo "2214"]
[PlyCount "77"]
[EventDate "2019.11.24"]
[EventType "team-tourn"]
[EventRounds "14"]
[EventCountry "ESP"]
[SourceVersionDate "2019.11.24"]
[WhiteTeam "Getafe"]
[BlackTeam "Tajamar"]
[WhiteTeamCountry "ESP"]
[BlackTeamCountry "ESP"]

1. c4 c5 2. Nc3 Nf6 3. g3 d5 4. cxd5 Nxd5 5. Bg2 Nc7 6. Nf3 Nc6 7. O-O e5 8. d3
Be7 9. Nd2 O-O 10. Nc4 f6 11. f4 exf4 12. Bxf4 Be6 13. Bxc6 bxc6 14. Qa4 Qd4+
15. Be3 Qd7 16. Ne4 Bh3 17. Rf2 Ne6 18. Na5 Rfc8 19. Rc1 Rab8 20. Nb3 Rb4 21.
Qa5 Rb5 22. Qc3 Qd5 23. Qc4 Rb4 24. Qa6 Nc7 25. Qxa7 c4 26. Nc3 Qe6 27. dxc4
Ra8 28. Qxc7 Qxe3 29. Qxc6 Rc8 30. Nd5 Qe5 31. Qa6 Rbb8 32. Nxe7+ Qxe7 33. c5
Ra8 34. Qc4+ Be6 35. Qe4 Qf7 36. Nd4 Bd5 37. Qd3 Rxa2 38. Nf5 Rd8 39. e4 1-0

[Event "Madrid-chT 1920"]
[Site "Madrid"]
[Date "2020.01.26"]
[Round "6.4"]
[White "Ingunza Curro, Andres"]
[Black "Alcazar Jimenez, Jesus Alberto"]
[Result "0-1"]
[WhiteElo "2120"]
[BlackElo "2160"]
[PlyCount "222"]
[EventDate "2019.11.24"]
[EventType "team-tourn"]
[EventRounds "14"]
[EventCountry "ESP"]
[SourceVersionDate "2019.11.24"]
[WhiteTeam "Tajamar"]
[BlackTeam "Getafe"]
[WhiteTeamCountry "ESP"]
[BlackTeamCountry "ESP"]

1. e4 e5 2. Nf3 Nc6 3. Bc4 Bc5 4. d3 Nf6 5. h3 O-O 6. O-O d5 7. exd5 Nxd5 8.
Re1 Nb6 9. Bb3 a5 10. a4 h6 11. Nbd2 Re8 12. Ne4 Bf8 13. Be3 Be6 14. Bxe6 Rxe6
15. Ng3 Nd5 16. Bd2 Bc5 17. Ne4 Bb6 18. c3 Rg6 19. Qb3 Qd7 20. Nh4 Re6 21. Qc4
Nde7 22. Be3 Bxe3 23. Rxe3 b6 24. Ng3 Rd6 25. Nf3 Ng6 26. Rae1 Rd8 27. Kh2 Kh8
28. b4 axb4 29. cxb4 f6 30. Ne4 Re6 31. a5 Nf4 32. axb6 cxb6 33. Nc3 Rd6 34.
Ne4 Rxd3 35. Rc1 Ne7 36. Rxd3 Qxd3 37. Qf7 Qxe4 38. Qxe7 Rg8 39. Re1 Qd5 40.
Nh4 Kh7 41. Re3 Qe6 42. Qb7 Nd5 43. Rg3 Ne7 44. b5 g5 45. Nf3 Rg7 46. Rg4 Nd5
47. Qa8 Nf4 48. Ne1 e4 49. Rg3 Qe5 50. Kh1 Qd4 51. Re3 f5 52. Qf8 Qd5 53. Nc2
Ne6 54. Qf6 Rg6 55. Qf7+ Rg7 56. Qf6 f4 57. Rc3 Nc5 58. Nb4 Qd1+ 59. Kh2 Qd7
60. Nc6 Rf7 61. Qe5 Rf5 62. Qb8 f3 63. Rc4 e3 64. Ne5 Qg7 65. Nxf3 exf2 66. Rc1
g4 67. hxg4 Qxg4 68. Qc7+ Qg7 69. Qxg7+ Kxg7 70. Kg3 Nd3 71. Rd1 Rxb5 72. Nd2
Rf5 73. Nf1 Nc5 74. Rb1 Rf6 75. Rb4 Kf7 76. Rf4 Rxf4 77. Kxf4 Ke6 78. Ke3 Kd5
79. Kxf2 Kc4 80. Ne3+ Kd3 81. Nd5 b5 82. g4 Ne4+ 83. Kf3 Nc3 84. Nb4+ Kc4 85.
Nc2 Kd3 86. Nb4+ Kd4 87. Nc2+ Ke5 88. Nb4 Nd5 89. Nc6+ Kd6 90. Nd4 b4 91. Nf5+
Kc5 92. Ke2 Kc4 93. Kd2 Kb3 94. Kc1 Ka2 95. Nd6 Ne3 96. Kd2 Nxg4 97. Ne4 h5 98.
Ke2 b3 99. Kf3 b2 100. Kf4 Kb3 101. Nd2+ Kc2 102. Nc4 b1=Q 103. Na3+ Kb2 104.
Nxb1 Kxb1 105. Kg5 Nf6 106. Kh4 Kc2 107. Kg3 Kd3 108. Kf4 Ke2 109. Kg3 Ke3 110.
Kh4 Kf4 111. Kh3 Kg5 0-1

[Event "Madrid-chT 1920"]
[Site "Madrid"]
[Date "2020.01.26"]
[Round "6.5"]
[White "Cabanas Jimenez, Manuel"]
[Black "Martinez Aragon, Aitor"]
[Result "1-0"]
[WhiteElo "2125"]
[BlackElo "2034"]
[PlyCount "47"]
[EventDate "2019.11.24"]
[EventType "team-tourn"]
[EventRounds "14"]
[EventCountry "ESP"]
[SourceVersionDate "2019.11.24"]
[WhiteTeam "Getafe"]
[BlackTeam "Tajamar"]
[WhiteTeamCountry "ESP"]
[BlackTeamCountry "ESP"]

1. e4 c5 2. Nf3 e6 3. d4 cxd4 4. Nxd4 Nc6 5. Nc3 Qc7 6. Nxc6 bxc6 7. Bd3 Nf6 8.
Qe2 e5 9. O-O Be7 10. Bc4 d6 11. Bg5 O-O 12. Kh1 h6 13. Bxf6 Bxf6 14. Rad1 Bb7
15. Rd3 Rfd8 16. Qh5 Qe7 17. Rfd1 Rd7 18. b4 d5 19. exd5 cxd5 20. Bxd5 Qxb4 21.
Ne4 Rxd5 22. Nxf6+ gxf6 23. Rg3+ Kh7 24. Qf5+ 1-0

[Event "Madrid-chT 1920"]
[Site "Madrid"]
[Date "2020.01.26"]
[Round "6.6"]
[White "Sahuquillo Cruz, Alejandro"]
[Black "Guerrero Villanueva, David"]
[Result "1-0"]
[WhiteElo "1972"]
[BlackElo "1997"]
[PlyCount "41"]
[EventDate "2019.11.24"]
[EventType "team-tourn"]
[EventRounds "14"]
[EventCountry "ESP"]
[SourceVersionDate "2019.11.24"]
[WhiteTeam "Tajamar"]
[BlackTeam "Getafe"]
[WhiteTeamCountry "ESP"]
[BlackTeamCountry "ESP"]

1. e4 c5 2. Nf3 Nc6 3. d4 cxd4 4. Nxd4 e5 5. Nb5 a6 6. Nd6+ Bxd6 7. Qxd6 Qf6 8.
Qd3 d5 9. c3 dxe4 10. Qxe4 Bf5 11. Qf3 Qg6 12. Nd2 Rd8 13. Bc4 Nge7 14. O-O b5
15. Bb3 Rd3 16. Qe2 O-O 17. f3 Nd5 18. Ne4 Rd8 19. Qxd3 Nf4 20. Qc2 Nd3 21. Qe2
1-0

[Event "Madrid-chT 1920"]
[Site "Madrid"]
[Date "2020.01.26"]
[Round "6.1"]
[White "Gallardo Garcia, Andres"]
[Black "Espinosa Aranda, Angel"]
[Result "1/2-1/2"]
[WhiteElo "2322"]
[BlackElo "2504"]
[PlyCount "90"]
[EventDate "2019.11.24"]
[EventType "team-tourn"]
[EventRounds "14"]
[EventCountry "ESP"]
[SourceVersionDate "2019.11.24"]
[WhiteTeam "Liberty Chess"]
[BlackTeam "Virgen de Atocha"]
[WhiteTeamCountry "ESP"]
[BlackTeamCountry "ESP"]

1. d4 Nf6 2. c4 e6 3. Nc3 Bb4 4. g3 O-O 5. Bg2 d5 6. Nf3 dxc4 7. a3 Be7 8. Ne5
Nc6 9. Bxc6 bxc6 10. Nxc6 Qe8 11. Nxe7+ Qxe7 12. Qa4 c5 13. Qxc4 cxd4 14. Qxd4
e5 15. Qh4 Rd8 16. O-O Rd4 17. e4 Bb7 18. Be3 Rd3 19. Rad1 Rxd1 20. Rxd1 Rd8
21. Rxd8+ Qxd8 22. Bg5 Qb6 23. Bxf6 gxf6 24. Qg4+ Kf8 25. Qe2 Ba6 26. Qd2 Kg7
27. Nd5 Qc6 28. Nb4 Qc4 29. Nxa6 Qxa6 30. Qd5 Qe2 31. b3 Qb2 32. b4 Qb1+ 33.
Kg2 a5 34. h4 Qe1 35. Qd3 h6 36. Qc4 Qd2 37. Qb5 Kg8 38. Qc6 Kg7 39. Qc4 Qe1
40. Qd3 Kh7 41. Qf3 Kg7 42. a4 Qc1 43. Qe3 Qd1 44. Qf3 Qe1 45. h5 Qc1 $11
1/2-1/2

[Event "Madrid-chT 1920"]
[Site "Madrid"]
[Date "2020.01.26"]
[Round "6.2"]
[White "Plazuelo Pascual, Juan"]
[Black "Martin Rueda, Daniel"]
[Result "1-0"]
[WhiteElo "2440"]
[BlackElo "2269"]
[PlyCount "63"]
[EventDate "2019.11.24"]
[EventType "team-tourn"]
[EventRounds "14"]
[EventCountry "ESP"]
[SourceVersionDate "2019.11.24"]
[WhiteTeam "Virgen de Atocha"]
[BlackTeam "Liberty Chess"]
[WhiteTeamCountry "ESP"]
[BlackTeamCountry "ESP"]

1. d4 d5 2. c4 c6 3. cxd5 cxd5 4. Bg5 Nc6 5. Nc3 Qb6 6. Qd2 e6 7. Rd1 Bd6 8. e4
Nge7 9. Nf3 h6 10. Be3 Qa5 11. Bd3 dxe4 12. Bxe4 f5 13. Bc2 g5 14. Qe2 Bd7 15.
Bd2 Nb4 16. Bb3 g4 17. Ne5 Bxe5 18. dxe5 Qa6 19. Bc4 Nc2+ 20. Kf1 Qb6 21. Bc1
Nb4 22. Nb5 Nbd5 23. Nd6+ Kf8 24. h3 h5 25. hxg4 fxg4 26. Qe4 Be8 27. Bg5 g3
28. Qf3+ Kg8 29. Bf6 Rh7 30. Bxd5 exd5 31. Bxe7 Rg7 32. Bf6 1-0